Cultural practices of literacy : Case studies of language, literacy, social practice, and power (Record no. 1390495)

MARC details
000 -LEADER
fixed length control field 00686nam a2200217Ia 4500
005 - DATE AND TIME OF LATEST TRANSACTION
control field 20250508164657.0
008 - FIXED-LENGTH DATA ELEMENTS--GENERAL INFORMATION
fixed length control field 008 250505s9999 xx 000 0 eng d
020 ## - INTERNATIONAL STANDARD BOOK NUMBER
International Standard Book Number 978-0-7619-3573-5
037 ## - SOURCE OF ACQUISITION
Stock number Textual
040 ## - CATALOGING SOURCE
Original cataloging agency FEDL
Language of cataloging eng
Transcribing agency FEDL
041 ## - LANGUAGE CODE
Language code of text/sound track or separate title eng
Source of code eng
084 ## - COLON CLASSIFICATION NUMBER
Classification number 418, PUR
Assigning agency FEDL
100 ## - MAIN ENTRY--PERSONAL NAME
Personal name Purcell-Gates Victoria Ed.
9 (RLIN) 778843
245 #0 - TITLE STATEMENT
Title Cultural practices of literacy : Case studies of language, literacy, social practice, and power
260 ## - PUBLICATION, DISTRIBUTION, ETC.
Place of publication, distribution, etc. London, UK
Name of publisher, distributor, etc. Lawrence Erlbaum Associates, Publishers
Date of publication, distribution, etc. 2007
300 ## - PHYSICAL DESCRIPTION
Extent xi,241p.
365 ## - TRADE PRICE
Price type code GBP
Price amount 19.99
650 ## - SUBJECT ADDED ENTRY--TOPICAL TERM
Topical term or geographic name entry element Sociolinguistics
942 ## - ADDED ENTRY ELEMENTS (KOHA)
Koha item type Textual
Classification part 418, PUR
Holdings
Withdrawn status Lost status Damaged status Not for loan Home library Current library Date acquired Cost, normal purchase price Total Checkouts Full call number Barcode Date last seen Price effective from Koha item type
        Department of Education Library Department of Education Library 2025-05-08 19.99   418, PUR EL0084121 2025-05-08 2025-05-08 Textual
Copyright @ Delhi University Library System